| 000 | 00518nam a2200229Ia 4500 | ||
|---|---|---|---|
| 008 | 210210b1992 xxu||||| |||| 00| 0 eng d | ||
| 082 | _a657.45 PAGP | ||
| 100 | _aPAGARE (Dinkar) | ||
| 245 | _aPrinciples and practice of auditing Ed 5 | ||
| 250 | _a | ||
| 260 |
_aNew Delhi. _bSultan Chand & Sons _c1992 |
||
| 300 | _ax,528 | ||
| 650 | _aPrinciples | ||
| 650 | _apractice | ||
| 650 | _aof | ||
| 650 | _aEd | ||
| 650 | _aauditing | ||
| 650 | _aand | ||
| 650 | _a5 | ||
| 690 | _aAuditing | ||
| 906 | _a047447 | ||
| 999 |
_c96695 _d96695 |
||